El estilo renacimiento español: mobiliario
Guardat en:
| Autor principal: | |
|---|---|
| Format: | Llibre |
| Idioma: | espanyol |
| Publicat: |
Barcelona
Felius y Susanna
1920
|
| Col·lecció: | Enciclopedia de los Estilos Decorativos
|
| Matèries: | |
| Etiquetes: |
Afegir etiqueta
Sense etiquetes, Sigues el primer a etiquetar aquest registre!
|
MARC
| LEADER | 00000cam a2200000 a 4500 | ||
|---|---|---|---|
| 001 | UCV8657 | ||
| 003 | CL-VaPUC | ||
| 008 | 911114e19200000SP |||||||||||||||||spa|d | ||
| 082 | 0 | 4 | |a 749.25 |b SAL |2 21 |
| 100 | 0 | |a Saló Marco, Antonio |e author |9 302682 | |
| 245 | 1 | 3 | |a El estilo renacimiento español: mobiliario |
| 300 | |a 48 p | ||
| 942 | |c BK | ||
| 945 | |d 19911114 00:00:00 | ||
| 260 | |a Barcelona |b Felius y Susanna |c 1920 | ||
| 650 | 0 | |a Renacimiento |9 255107 | |
| 651 | 0 | |a España |9 254926 | |
| 583 | |a last modification |c 20130708 03:14:50 |k Rodrigo Vera | ||
| 490 | 0 | |a Enciclopedia de los Estilos Decorativos | |
| 999 | |c 214141 |d 214139 | ||
| 952 | |0 0 |1 0 |4 0 |6 749_250000000000000_SAL_1920 |7 0 |8 A |9 197250 |a BIBARQ |b BIBARQ |d 2019-11-14 |i 2649438 |o 749.25 SAL 1920 |p 2649438 |r 2025-01-20 |w 2019-11-14 |y BK |k ARQ | ||
| 952 | |0 0 |1 0 |4 0 |6 749_250000000000000_SAL_1920 |7 0 |8 X |9 197251 |a FDOBUD |b FDOBUD |d 2019-11-14 |i 498899K |o 749.25 SAL 1920 |p 498899K |r 2019-11-14 |w 2019-11-14 |y BK_X |k BUD | ||